| 000 | 01149nam a22003257a 4500 | ||
|---|---|---|---|
| 001 | 1599093 | ||
| 003 | OSt | ||
| 005 | 20230517030719.0 | ||
| 008 | 160704b xxu||||| |||| 00| 0 eng d | ||
| 010 | _a 94044314 | ||
| 020 | _a0060248793 | ||
| 020 | _a0060248807 (lib. bdg.) | ||
| 040 |
_aMMU _cMMU _dMMU _beng |
||
| 042 | _alcac | ||
| 050 | 0 | 0 |
_aPZ7.B61945 _b1995 |
| 082 | 0 | 0 |
_a[Fic] _220 |
| 100 | 1 | _aBlock, Francesca Lia. | |
| 245 | 1 | 0 |
_aBaby be-bop / _cFrancesca Lia Block. |
| 250 | _a1st ed. | ||
| 260 |
_aNew York : _bHarperCollinsPublishers, _cc1995. |
||
| 300 |
_a106 p. : _c22 cm. |
||
| 500 | _a"Joanna Cotler books." | ||
| 520 | _aDirk MacDonald, a sixteen-year-old boy living in Los Angeles, comes to terms with being gay after he receives surreal storytelling visitations from his dead father and great-grandmother. | ||
| 650 | 1 |
_aHomosexuality _xFiction. |
|
| 650 | 1 |
_aGhosts _xFiction. |
|
| 651 | 1 |
_aLos Angeles (Calif.) _xFiction. |
|
| 906 |
_a7 _bcbc _corignew _d1 _eocip _f19 _gy-gencatlg |
||
| 942 |
_2lcc _cLOAN LOAN |
||
| 999 |
_c17893 _d17893 |
||